LEADER 01070nam0-22003131i-450- 001 990004344110403321 005 20050308113514.0 035 $a000434411 035 $aFED01000434411 035 $a(Aleph)000434411FED01 035 $a000434411 100 $a19990604d1978----km-y0itay50------ba 101 0 $aita 105 $aa-------00--- 200 1 $a<>evolution des techniques du filage et du tissage du moyen age a la revolution industrielle$fWalter Endrei$gtraduit du hongrois par Joseph Takacs avec la collaboration de Jean Pilisi 210 $aParis$cMouton$d1978. 215 $a178 p.$cill.$d24 cm 225 1 $aIndustrie et artisanat$v4 676 $a338.47677$v21$zita 700 1$aEndrei,$bWalter$0173435 702 1$aPilisi,$bJean 702 1$aTakacs,$bJoseph 801 0$aIT$bUNINA$gRICA$2UNIMARC 901 $aBK 912 $a990004344110403321 952 $a338.47 END 1$bI.st.r.c.292$fFLFBC 959 $aFLFBC 996 $aEvolution des techniques du filage et du tissage du moyen age a la revolution industrielle$9486607 997 $aUNINA LEADER 02783nam 2200745 a 450 001 9910785809903321 005 20230617034106.0 010 $a3-11-094497-9 024 7 $a10.1515/9783110944976 035 $a(CKB)2670000000255874 035 $a(EBL)938506 035 $a(OCoLC)843635762 035 $a(SSID)ssj0000560050 035 $a(PQKBManifestationID)12186673 035 $a(PQKBTitleCode)TC0000560050 035 $a(PQKBWorkID)10569228 035 $a(PQKB)10334455 035 $a(MiAaPQ)EBC938506 035 $a(DE-B1597)57165 035 $a(OCoLC)979590782 035 $a(DE-B1597)9783110944976 035 $a(Au-PeEL)EBL938506 035 $a(CaPaEBR)ebr10591537 035 $a(EXLCZ)992670000000255874 100 $a20030411d2003 uy 0 101 0 $aeng 135 $aurcn||||||||| 181 $ctxt 182 $cc 183 $acr 200 10$aNonclassical linear Volterra equations of the first kind$b[electronic resource] /$fA.S. Apartsyn 205 $aReprint 2010 210 $aUtrecht ;$aBoston $cVSP$d2003 215 $a1 online resource (176 p.) 225 0 $aInverse and ill-posed problems series,$x1381-4524 225 0 $aInverse and Ill-Posed Problems Series ;$v39 300 $aDescription based upon print version of record. 311 0 $a3-11-061993-8 311 0 $a90-6764-375-0 320 $aIncludes bibliographical references (p. [153]-165) and index. 327 $tFront matter --$tIntroduction --$tChapter 1. Classical Volterra equations of the first kind --$tChapter 2. Volterra equations of the first kind with two variable integration limits. The case a(t0) < t0 --$tChapter 3. Volterra equations of the first kind with two variable limits of integration. The case a(t0) = t0 --$tBibliography --$tIndex 330 $aThis monograph deals with linear integra Volterra equations of the first kind with variable upper and lower limits of integration. Volterra operators of this type are the basic operators for integral models of dynamic systems. 410 0$aInverse and Ill-Posed Problems Series 606 $aVolterra equations 610 $aComputational Mathematics. 610 $aDynamic Systems. 610 $aFirst Kind. 610 $aIntegra. 610 $aIntegral Models. 610 $aIntegration. 610 $aLimits. 610 $aLinear. 610 $aVolterra Equations. 610 $aVolterra Operators. 615 0$aVolterra equations. 676 $a515/.45 686 $aSK 640$qSEPA$2rvk 700 $aApart?sin$b A. S$01551011 801 0$bMiAaPQ 801 1$bMiAaPQ 801 2$bMiAaPQ 906 $aBOOK 912 $a9910785809903321 996 $aNonclassical linear Volterra equations of the first kind$93810291 997 $aUNINA LEADER 05270oam 22012374 450 001 9910957410703321 005 20250426110644.0 010 $a9786612842399 010 $a9781462391097 010 $a1462391095 010 $a9781451871647 010 $a1451871643 010 $a9781282842397 010 $a1282842390 010 $a9781452744025 010 $a1452744025 035 $a(CKB)3170000000055189 035 $a(SSID)ssj0001475057 035 $a(PQKBManifestationID)11901045 035 $a(PQKBTitleCode)TC0001475057 035 $a(PQKBWorkID)11490603 035 $a(PQKB)11761486 035 $a(OCoLC)465438763 035 $a(IMF)WPIEE2009017 035 $a(MiAaPQ)EBC1586716 035 $a(IMF)WPIEA2009017 035 $aWPIEA2009017 035 $a(EXLCZ)993170000000055189 100 $a20020129d2009 uf 0 101 0 $aeng 135 $aurcn||||||||| 181 $ctxt 182 $cc 183 $acr 200 10$aDoes Global Liquidity Matter for Monetary Policy in the Euro Area? /$fHelge Berger, Thomas Harjes 205 $a1st ed. 210 1$aWashington, D.C. :$cInternational Monetary Fund,$d2009. 215 $a24 p. $cill 225 1 $aIMF Working Papers 300 $aBibliographic Level Mode of Issuance: Monograph 311 08$a9781451916003 311 08$a1451916000 320 $aIncludes bibliographical references. 327 $aIntro -- Contents -- I. Introduction -- II. How to Identify Movements in Liquidity Relevant for Monetary Policy? -- III. Some Stylized Facts -- IV. Global Excess Liquidity and EA Inflation -- A. Within Sample -- B. Out-of Sample -- V. A Glimpse at the Link between Global Liquidity and Monetary Policy Effectiveness -- VI. Conclusion -- References -- Table 1. The Impact of EA, US, and JP Excess Liquidity on Future Inflation -- Figures -- 1. Excess Liquidity, 1970Q1-2008Q2 -- 2. Dynamic Correlation Coefficients of Excess Liquidity -- 3. RMSEs for Alternative Models of Euro Area Inflation for the Forecasting Period 1991Q1 to 2007 Q1 -- 4. Results from an Uncionditioanl VAR for th Euro Area 1991Q1 to 2007Q1 -- 5. Results from a VAR for the Euro Area 1991Q1 to 2007Q1, Conditional on the US Excess Liquidity Regime -- Appendix. 330 3 $aGlobal excess liquidity is sometimes believed to limit sovereign monetary policy even in large economies, including the euro area. There is much discussion about what constitutes global excess liquidity and our approach adjusts liquidity for longer-term interest rate and output effects. We find that especially excess liquidity in the U.S. leads developments in euro area liquidity. U.S. excess liquidity also enters consistently positive as a determinant of euro area inflation. There is some evidence that this result may be related to a weakening of the effectiveness of monetary policy in the euro area during times of excessive U.S. liquidity. 410 0$aIMF Working Papers; Working Paper ;$vNo. 2009/017 606 $aLiquidity (Economics) 606 $aMonetary policy$zEurope 606 $aAsset and liability management$2imf 606 $aDeflation$2imf 606 $aDiffusion Processes$2imf 606 $aDynamic Quantile Regressions$2imf 606 $aDynamic Treatment Effect Models$2imf 606 $aEconomics$2imf 606 $aExcess liquidity$2imf 606 $aFinance$2imf 606 $aFinance: General$2imf 606 $aForecasting and Other Model Applications$2imf 606 $aInflation$2imf 606 $aInternational finance$2imf 606 $aInternational liquidity$2imf 606 $aInternational Policy Coordination and Transmission$2imf 606 $aInvestment Decisions$2imf 606 $aLiquidity indicators$2imf 606 $aLiquidity management$2imf 606 $aLiquidity$2imf 606 $aMacroeconomics$2imf 606 $aMonetary Policy$2imf 606 $aPortfolio Choice$2imf 606 $aPrice Level$2imf 606 $aPrices$2imf 606 $aTime-Series Models$2imf 607 $aUnited States$2imf 615 0$aLiquidity (Economics) 615 0$aMonetary policy 615 7$aAsset and liability management 615 7$aDeflation 615 7$aDiffusion Processes 615 7$aDynamic Quantile Regressions 615 7$aDynamic Treatment Effect Models 615 7$aEconomics 615 7$aExcess liquidity 615 7$aFinance 615 7$aFinance: General 615 7$aForecasting and Other Model Applications 615 7$aInflation 615 7$aInternational finance 615 7$aInternational liquidity 615 7$aInternational Policy Coordination and Transmission 615 7$aInvestment Decisions 615 7$aLiquidity indicators 615 7$aLiquidity management 615 7$aLiquidity 615 7$aMacroeconomics 615 7$aMonetary Policy 615 7$aPortfolio Choice 615 7$aPrice Level 615 7$aPrices 615 7$aTime-Series Models 700 $aBerger$b Helge$01803593 701 $aHarjes$b Thomas$01816049 801 0$bDcWaIMF 906 $aBOOK 912 $a9910957410703321 996 $aDoes Global Liquidity Matter for Monetary Policy in the Euro Area$94371687 997 $aUNINA